Đường vào nghề - Copywriter

Cuốn sách "Đường vào nghề - Copywriter" một nghề được coi là "nóng" và đang là mối quan tâm của nhiều bạn trẻ. Hy vọng cuốn sách sẽ giúp các bạn có một cách nhìn tổng quan những chi tiết về lĩnh vực quảng cáo nói chung cũng...

Popoln opis

Shranjeno v:
Bibliografske podrobnosti
Glavni avtor: Nhật An
Format: Knjiga
Jezik:Undetermined
Izdano: Thành phố Hồ Chí Minh Trẻ 2007
Teme:
Oznake: Označite
Brez oznak, prvi označite!
Thư viện lưu trữ: Trung tâm Học liệu Trường Đại học Cần Thơ
LEADER 01071nam a2200205Ia 4500
001 CTU_123487
008 210402s9999 xx 000 0 und d
020 |c 29000 
082 |a 659.1 
082 |b Nh124 
100 |a Nhật An 
245 0 |a Đường vào nghề - Copywriter 
245 0 |c Nhật An, Phan Thu 
260 |a Thành phố Hồ Chí Minh 
260 |b Trẻ 
260 |c 2007 
520 |a Cuốn sách "Đường vào nghề - Copywriter" một nghề được coi là "nóng" và đang là mối quan tâm của nhiều bạn trẻ. Hy vọng cuốn sách sẽ giúp các bạn có một cách nhìn tổng quan những chi tiết về lĩnh vực quảng cáo nói chung cũng như viết lời quảng cáo nói riêng để từ đó có thể tự tin hơn trong việc định hình cho mình một lối bước vào đời. 
650 |a Advertising,Marketing 
904 |i Hiếu 
980 |a Trung tâm Học liệu Trường Đại học Cần Thơ